Представление документа в формате MARC21

ПолеНазваниеЗначение
  Тип записи a
  Библиографический уровень m
001 Контрольный номер RU/URAIT/585131
005 Дата корректировки 20260429163649.0
008 Кодируемые данные 260429s2026 RU y f j 000 0 rus u
020 Индекс ISBN __
a ISBN 978-5-534-17293-5
c Цена, тираж 2419.00
040 Источник каталогиз. __
a Служба первич. каталог. ИКО Юрайт
c Служба, преобразующая запись ИКО Юрайт
e Правила каталог. RCR
041 Код языка издания __
a Код языка текста rus
044 Код страны публикации __
a Код страны публикации RU
080 Индекс УДК __
a Индекс УДК 504(075.32)
084 Индекс другой классификации/Индекс ББК __
2 Источник индекса rubbk
a Индекс другой классификации/Индекс ББК 20.1я723
100 Автор __
a Автор Ларионов Н. М.
q Полное имя Ларионов Николай Михайлович
245 Заглавие __
a Заглавие Промышленная экология
b Продолж. заглавия учебник и практикум для спо
c Ответственность Н. М. Ларионов, А. С. Рябышенков.
250 Сведения об издании __
g пер. и доп
a Основные сведения об издании 4-е изд.
256 Характеристики компьютерного файла __
a Характеристики компьютерного файла Электрон. дан.
260 Выходные данные __
a Место издания Москва
b Издательство Юрайт
c Дата издания 2026
300 Физическое описание __
a Объем 472 с
440 Серия __
a Серия Профессиональное образование
500 Примечания __
a Примечание URL: https://urait.ru/bcode/585131 (дата обращения: 29.04.2026).
520 Аннотация __
a Аннотация В курсе рассмотрены вопросы обеспечения экологической безопасности, приведены источники и масштабы загрязнения окружающей среды. Описаны процессы образования токсичных веществ различными источниками, даны зависимости образования и распространения вредных примесей в пространстве. Представлены методики оценки и контроля вредных веществ различного агрегатного состояния, а также основные инженерные мероприятия по защите окружающей среды, некоторые из которых иллюстрируются конкретными примерами. Соответствует актуальным требованиям федерального государственного образовательного стандарта среднего профессионального образования и профессиональным требованиям. Курс предназначен для студентов образовательных учреждений среднего профессионального образования, обучающихся по естественнонаучным направлениям, а также может быть полезен руководителям и сотрудникам экологических служб предприятий различных форм собственности.
538 Прим. о системных особенностях __
a Прим. о системных особенностях Режим доступа: Электронно-библиотечная система Юрайт, для авториз. пользователей
653 Ключевые слова __
a Ключевые слова Экология
653 Ключевые слова __
a Ключевые слова Естественные науки
653 Ключевые слова __
a Ключевые слова Экология
653 Ключевые слова __
a Ключевые слова Общая экология
653 Ключевые слова __
a Ключевые слова Промышленная экология
653 Ключевые слова __
a Ключевые слова Основы экологии
653 Ключевые слова __
a Ключевые слова Основы промышленной экологии
653 Ключевые слова __
a Ключевые слова Промышленная безопасность
653 Ключевые слова __
a Ключевые слова Система охраны труда и промышленная экология
653 Ключевые слова __
a Ключевые слова Экология производства
653 Ключевые слова __
a Ключевые слова Экологические основы природопользования
653 Ключевые слова __
a Ключевые слова Основы промышленной безопасности
653 Ключевые слова __
a Ключевые слова Производственный экологический контроль
653 Ключевые слова __
a Ключевые слова Промышленная экология территорий
653 Ключевые слова __
a Ключевые слова Экологические аспекты нефтегазовой отрасли
653 Ключевые слова __
a Ключевые слова Экология на железнодорожном транспорте
653 Ключевые слова __
a Ключевые слова Экология. Общие вопросы
653 Ключевые слова __
a Ключевые слова Экологический производственный контроль
653 Ключевые слова __
a Ключевые слова Введение в экологию
653 Ключевые слова __
a Ключевые слова Общая экология с основами частной экологии
653 Ключевые слова __
a Ключевые слова Экология (общая)
653 Ключевые слова __
a Ключевые слова Основы экологии: общая экология
653 Ключевые слова __
a Ключевые слова Основы общей экологии
653 Ключевые слова __
a Ключевые слова Экология нефтегазодобывающей промышленности
700 Другие авторы __
a Другие авторы Рябышенков А. С.
q Полное имя Рябышенков Андрей Сергеевич
856 Электронный адрес документа 40
n Местонахождение сервера Юрайт
g Электронная книга
q Тип электронного формата html
h Имя пользователя ЮРАЙТ
v Часы доступа к ресурсу 20271231
2 Способ доступа Показать документ
x Служебное примечание https://urait.ru/book/cover/9EA2A52F-FA1A-425E-AA89-194BC3167FFF
u URL https://urait.ru/bcode/585131
856 Электронный адрес документа 48
q Тип электронного формата cover
u URL https://urait.ru/book/cover/9EA2A52F-FA1A-425E-AA89-194BC3167FFF
911 __
u 0030=https://urait.ru/bcode/585131
911 __
u 073a=9785534172935
u 073d=2419.00
911 __
u 106a=s
911 __
u 900l=
952 Тип литературы __
i Дисциплина Экология
952 Тип литературы __
i Дисциплина Общая экология
952 Тип литературы __
i Дисциплина Промышленная экология
952 Тип литературы __
i Дисциплина Основы экологии
952 Тип литературы __
i Дисциплина Основы промышленной экологии
952 Тип литературы __
i Дисциплина Промышленная безопасность
952 Тип литературы __
i Дисциплина Система охраны труда и промышленная экология
952 Тип литературы __
i Дисциплина Экология производства
952 Тип литературы __
i Дисциплина Экологические основы природопользования
952 Тип литературы __
i Дисциплина Основы промышленной безопасности
952 Тип литературы __
i Дисциплина Производственный экологический контроль
952 Тип литературы __
i Дисциплина Промышленная экология территорий
952 Тип литературы __
i Дисциплина Экологические аспекты нефтегазовой отрасли
952 Тип литературы __
i Дисциплина Экология на железнодорожном транспорте
952 Тип литературы __
i Дисциплина Экология. Общие вопросы
952 Тип литературы __
i Дисциплина Экологический производственный контроль
952 Тип литературы __
i Дисциплина Введение в экологию
952 Тип литературы __
i Дисциплина Общая экология с основами частной экологии
952 Тип литературы __
i Дисциплина Экология (общая)
952 Тип литературы __
i Дисциплина Основы экологии: общая экология
952 Тип литературы __
i Дисциплина Основы общей экологии
952 Тип литературы __
i Дисциплина Экология нефтегазодобывающей промышленности